El Añil 1580-1720: posibilidades y frustraciones

সংরক্ষণ করুন:
গ্রন্থ-পঞ্জীর বিবরন
প্রধান লেখক: Molina Chocano, Guillermo
বিন্যাস: পাঠ‍্য
প্রকাশিত: San José: CSUCA
ট্যাগগুলো: ট্যাগ যুক্ত করুন
কোনো ট্যাগ নেই, প্রথমজন হিসাবে ট্যাগ করুন!

MARC

LEADER 00000 a a2200000 04500
001 21818
003
040
090 |a 097900  
100 |a Molina Chocano, Guillermo  
245 |a El Añil 1580-1720: posibilidades y frustraciones  
260 |a San José:   |b CSUCA  
300 |a 48 p.  
999 |c 12716  |d 12716